| 000 | | | 03611cbm0a2200253#x 450 |
| 001 | | | 157396c3-3155-47eb-bd15-5ff26927d7b7 |
| 005 | | | 20220817114331.0 |
| 100 | ## | $a | 20220810j19411117k###0rusy50 ca |
| 101 | 0# | $a | rus |
| 102 | ## | $a | RU |
| 122 | 0# | $a | d194111172## |
| 200 | 1# | $a | Постановление СНК СССР № 2214 "О временном прекращении приема посылок от отдельных граждан и учреждений" |
| | $j | 17 ноября 1941 г. |
| 251 | ## | $c | Документ |
| 300 | ## | $a | Подлинник |
| 461 | #0 | $1 | 2001 |
| | $a | Ф. Р-5446 |
| | $1 | 251 |
| | $c | Фонд |
| | $1 | 852 |
| | $j | Р-5446 |
| 462 | #0 | $1 | 2001 |
| | $a | Оп. 1 |
| | $1 | 251 |
| | $c | Опись |
| | $1 | 852 |
| | $j | 1 |
| 462 | #0 | $1 | 2001 |
| | $a | Д. 196 |
| | $v | Л. 119 |
| | $1 | 251 |
| | $c | Дело |
| | $1 | 852 |
| | $j | 196 |
| 605 | ## | $2 | prlib_sh |
| | $3 | LIBNET\UAF\0000088514 |
| | $a | Вторая мировая война в архивных документах (Комплекс оцифрованных архивных документов, кино- и фотоматериалов) |
| | $l | коллекция |
| 686 | ## | $a | 63.3(2)622ю11 |
| | $v | LBC/M |
| | $2 | rubbk |
| 801 | #0 | $a | RU |
| | $b | ПБ им. Б.Н. Ельцина |
| | $c | 20220810 |
| 801 | #1 | $a | RU |
| | $b | ПБ им. Б.Н. Ельцина |
| | $c | 20220810 |
| | $2 | rusmarc |
| 801 | #2 | $a | RU |
| | $b | ПБ им. Б.Н. Ельцина |
| | $c | 20220817 |
| | $2 | rusmarc |
| 850 | ## | $a | Государственный архив Российской Федерации |
| 852 | ## | $a | ГА РФ |
| | $j | Л. 119 |
| 035 | ## | $a | LIBNET\0001263496 |
| 937 | ## | $d | 178156375 |
| | $h | Федеральное архивное агентство |
| 856 | 4# | $u | http://readingroom.main.prlib.ru/item.aspx?id_node=n178156375&mode=full |